000 00367nam a22001217a 4500
008 190315b xxu||||| |||| 00| 0 eng d
041 _aeng
080 _a043.3
100 _a0
101 _aMEK-MTH
245 _aAplikimi i softverit MACH3 në modelimin dhe simulimin e reparteve përpunuese makinerike të pajisura me teknologjinë CNC
_cMulaku,A
942 _2udc
_cBK
999 _c54855
_d54855